• 首页
  • 本馆介绍
  • 公告通知
  • 最新文献
  • 馆藏检索
  • 电子资源
  • 读者导购
  • 参考咨询
  • 我的图书馆
  • 登录
  • 详细信息显示
  • 放入我的书架
  • 预约/预借图书
  • 作者相关作品
  • 分类相关作品
  • 丛书相关作品
  • 出版社相关作品

书目信息

  • 表格格式
  • 工作单格式
  • 卡片格式
题名:
图解刮痧拔罐疗法
    
 
作者: 李戈 主编 ;刘波 编著
分册:  
出版信息: 北京   金盾出版社  2012
页数: 284页
开本: 23cm
丛书名:
单 册:
中图分类: R244.4-64 , R244.3-64 , R244.4
科图分类:
主题词: 刮搓疗法--图解 , 拔罐疗法--图解 , 刮搓疗法 , 拔罐疗法
电子资源:
ISBN: 978-7-5082-7192-7
000 00958nam0 2200289 450
001 2368771276
005 20231126190653.73
010    @a978-7-5082-7192-7@dCNY49.00
100    @a20120815d2012 em y0chiy50 ea
101 0  @achi
102    @aCN@b110000
105    @aa z 000yy
200 1  @a图解刮痧拔罐疗法@Atu jie gua sha ba guan liao fa@f李戈主编@g刘波[等]编著
210    @a北京@c金盾出版社@d2012
215    @a284页@d23cm
330    @a本书介绍了刮痧、拔罐疗法的基础知识,阐述了内科、外科、妇科、儿科、泌尿科、神经科、皮肤科、五官科、消化科及养生保健刮痧、拔罐疗法的穴位选配、操作方法及注意事项,每种病症均配有穴位图解。
606 0  @a刮搓疗法@j图解
606 0  @a拔罐疗法@j图解
606 0  @a刮搓疗法
606 0  @a拔罐疗法
690    @aR244.4-64@v5
690    @aR244.3-64@v5
690    @aR244.4@v4
701  0 @a李戈@Ali ge@c(刮搓疗法)@4主编
702  0 @a刘波@Aliu bo@4编著
801  0 @aCN@b山东中教@c20231126
905    @aBZT@dR244.4@e21
    
    图解刮痧拔罐疗法/李戈主编/刘波[等]编著.-北京:金盾出版社,2012
    284页;23cm
    
    
    ISBN 978-7-5082-7192-7:CNY49.00
    本书介绍了刮痧、拔罐疗法的基础知识,阐述了内科、外科、妇科、儿科、泌尿科、神经科、皮肤科、五官科、消化科及养生保健刮痧、拔罐疗法的穴位选配、操作方法及注意事项,每种病症均配有穴位图解。
●
相关链接 在五车中查询图书 在当当中查询图书 在豆瓣中查询图书


正题名:图解刮痧拔罐疗法     索取号:R244.4/21         预约/预借

序号 登录号 条形码 馆藏地/架位号 状态 备注
1 2001215758   2001215758   中教(第二批第二书库)/山东中教(第二批)/553/ [索取号:R244.4/21] 在馆    
2 2001215759   2001215759   中教(第二批第二书库)/山东中教(第二批)/553/ [索取号:R244.4/21] 在馆    
3 2001215760   2001215760   中教(第二批第二书库)/山东中教(第二批)/553/ [索取号:R244.4/21] 在馆    
4 2001215761   2001215761   中教(第二批第二书库)/山东中教(第二批)/553/ [索取号:R244.4/21] 在馆    
5 2001215762   2001215762   中教(第二批第二书库)/山东中教(第二批)/553/ [索取号:R244.4/21] 在馆    
6 2001215763   2001215763   中教(第二批第二书库)/山东中教(第二批)/553/ [索取号:R244.4/21] 在馆    
7 2001215764   2001215764   中教(第二批第二书库)/山东中教(第二批)/553/ [索取号:R244.4/21] 在馆    
8 2001215765   2001215765   中教(第二批第二书库)/山东中教(第二批)/553/ [索取号:R244.4/21] 在馆    
9 2001215766   2001215766   中教(第二批第二书库)/山东中教(第二批)/553/ [索取号:R244.4/21] 在馆    
10 2001215767   2001215767   中教(第二批第二书库)/山东中教(第二批)/553/ [索取号:R244.4/21] 在馆    
11 2001215768   2001215768   中教(第二批第二书库)/山东中教(第二批)/553/ [索取号:R244.4/21] 在馆    
12 2001215769   2001215769   中教(第二批第二书库)/山东中教(第二批)/553/ [索取号:R244.4/21] 在馆    
13 2001215770   2001215770   中教(第二批第二书库)/山东中教(第二批)/553/ [索取号:R244.4/21] 在馆    
14 2001215771   2001215771   中教(第二批第二书库)/山东中教(第二批)/553/ [索取号:R244.4/21] 在馆    
15 2001215772   2001215772   中教(第二批第二书库)/山东中教(第二批)/553/ [索取号:R244.4/21] 在馆    
16 2001215773   2001215773   中教(第二批第二书库)/山东中教(第二批)/553/ [索取号:R244.4/21] 在馆    
17 2001215774   2001215774   中教(第二批第二书库)/山东中教(第二批)/553/ [索取号:R244.4/21] 在馆    
18 2001215775   2001215775   中教(第二批第二书库)/山东中教(第二批)/553/ [索取号:R244.4/21] 在馆    
19 2001215776   2001215776   中教(第二批第二书库)/山东中教(第二批)/553/ [索取号:R244.4/21] 在馆    
20 2001215777   2001215777   中教(第二批第二书库)/山东中教(第二批)/553/ [索取号:R244.4/21] 在馆    
21 2001215778   2001215778   中教(第二批第二书库)/山东中教(第二批)/553/ [索取号:R244.4/21] 在馆    
22 2001215779   2001215779   中教(第二批第二书库)/山东中教(第二批)/553/ [索取号:R244.4/21] 在馆    
23 2001215780   2001215780   中教(第二批第二书库)/山东中教(第二批)/553/ [索取号:R244.4/21] 在馆    
24 2001215781   2001215781   中教(第二批第二书库)/山东中教(第二批)/553/ [索取号:R244.4/21] 在馆    
25 2001215782   2001215782   中教(第二批第二书库)/山东中教(第二批)/553/ [索取号:R244.4/21] 在馆    
26 2001215783   2001215783   中教(第二批第二书库)/山东中教(第二批)/553/ [索取号:R244.4/21] 在馆    
27 2001215784   2001215784   中教(第二批第二书库)/山东中教(第二批)/553/ [索取号:R244.4/21] 在馆    
28 2001215785   2001215785   中教(第二批第二书库)/山东中教(第二批)/553/ [索取号:R244.4/21] 在馆    
29 2001215786   2001215786   中教(第二批第二书库)/山东中教(第二批)/553/ [索取号:R244.4/21] 在馆    
30 2001215787   2001215787   中教(第二批第二书库)/山东中教(第二批)/553/ [索取号:R244.4/21] 在馆    
山东省滨州职业学院图书馆 欢迎您!
大连网信软件有限公司© 版权所有